书目信息 |
| 题名: |
UFO现象全记录
|
|
| 作者: | 闫艳 主编 | |
| 分册: | ||
| 出版信息: | 北京 中国方正出版社 2003 |
|
| 页数: | 306页 | |
| 开本: | 21cm | |
| 丛书名: | 发现系列 | |
| 单 册: | ||
| 中图分类: | V11-49 | |
| 科图分类: | ||
| 主题词: | 飞盘--普及读物 | |
| 电子资源: | ||
| ISBN: | 7-80107-465-3 | |
| 000 | 00768oam2 2200241 450 | |
| 001 | 1536544117 | |
| 005 | 20150126101058.04 | |
| 010 | @a7-80107-465-3@dCNY24.50 | |
| 100 | @a20060104d2003 em y0chiy50 ea | |
| 101 | 0 | @achi |
| 102 | @aCN@b110000 | |
| 105 | @aa z 000yd | |
| 200 | 1 | @aUFO现象全记录@9UFO xian xiang quan ji lu@f闫艳主编 |
| 210 | @a北京@c中国方正出版社@d2003 | |
| 215 | @a306页@c图@d21cm | |
| 225 | 2 | @a发现系列 |
| 330 | @a本书内容包括:联合国及各国政府对研究UFO的态度、太阳系星球与地外智慧生命、外星人与千古之谜、外国人眼中的外星人、不明飞行物显身中国等。 | |
| 461 | 0 | @12001 @a发现系列 |
| 606 | 0 | @a飞盘@j普及读物 |
| 690 | @aV11-49@v5 | |
| 701 | 0 | @a闫艳@9yan yan@c(编辑)@4主编 |
| 801 | 0 | @aCN@bTSSF@c20150126 |
| 905 | @aZUCC@dV11-49@eJY2 | |
| UFO现象全记录/闫艳主编.-北京:中国方正出版社,2003 |
| 306页:图;21cm.-(发现系列) |
| ISBN 7-80107-465-3:CNY24.50 |
| 本书内容包括:联合国及各国政府对研究UFO的态度、太阳系星球与地外智慧生命、外星人与千古之谜、外国人眼中的外星人、不明飞行物显身中国等。 |
| ● |
| 相关链接 |
|
|
|
|
正题名:UFO现象全记录
索取号:V11-49/JY2
 
预约/预借
| 序号 | 登录号 | 条形码 | 馆藏地/架位号 | 状态 | 备注 |
| 1 | 7842981 | 278429817 | 学院路分馆/ [索取号:V11-49/JY2] | 在馆 | |
| 2 | 7842982 | 278429826 | 学院路分馆/ [索取号:V11-49/JY2] | 在馆 | |
| 3 | 7842983 | 278429835 | 学院路分馆/ [索取号:V11-49/JY2] | 在馆 | |
| 4 | 7842984 | 278429844 | 学院路分馆/ [索取号:V11-49/JY2] | 在馆 |